00545nam a2200157Ia 4500008004100000100002400041245009000065500007600155650001300231650001500244650001300259700002100272942000800293952006900301999001700370180905s9999 xx 000 0 und d aGeorge Kizhakkemury 4aThe Converging Point - An Appraisal of Prof.Zaehner's Appraoach to Islamic Mysticism  aThe Bulletin of Christian Institutes of Islamic Studies Jan - June 1983 aDialogue aInterfaith aRelation aGoerge Koovackal cCAR 00104070aHMIbHMId2018-09-05l0r2018-09-05w2018-09-05yCAR c21431d21431